000 00794nam a2200217Ii 4500
003 JO-AjNU
008 230605s9999||||xx |||||||||||||| ||und||
017 _a2006/7/1860
040 _aJO-AjNU
_bara
_erda
_cJO-AjNU
041 _aara
050 1 4 _aBP130.4.H3566 2007
100 3 _aالحمد، غانم قدوري,
_eauthor
_921074
245 0 0 _aالأجوبة العلمية على أسئلة ملتقى أهل التفسير: القراءات القرانية - رسم المصحف - علم التجويد
250 _aط1
264 3 1 _aعمان: دار عمار،2006
300 _a165ص
336 _atext
_btxt
_2rdacontent
337 _aunmediated
_bn
_2rdamedia
338 _avolume
_bnc
_2rdacarrier
650 4 _aالتفاسير - القران - قراءات القران
_921075
999 _aA7260
_c10828
_d10828